Statystyki dla Miasta w polsce które zaczynają sie na litere D a kończą na O

Kliknij tutaj aby rozwiązać quiz!

Ogólne statystyki

  • Ten quiz został rozwiązany 40 razy
    (13 od ostatniego zresetowania)
  • Średni wynik to 4 z 9

Statystyki odpowiedzi

Populacja/
województwo
Odpowiedź% Poprawnych
12 139
Zachodniopomorskie
Darłowo
83%
20 367
Warmińsko - Mazurskie
Działdowo
75%
13 024
Zachodniopomorskie
Dębno
50%
9804
Lubuskie
Drezdenko
50%
9397
Warmińsko - Mazurskie
Dobre Miasto
42%
9397
Warmińsko - Mazurskie
Dobre Miasto
42%
4908
Pomorskie
Debrzno
33%
2176
Zachodniopomorskie
Drawno
25%
815
Podkarpackie
Dubiecko
25%

Rozkład punktacji

Percentyl według liczby udzielonych odpowiedzi

Procent ludzi z każdym wynikiem

Twoja historia wyników

Nie rozwiązałeś tego quizu od ostatniego zresetowania